[Event "Titled Tue 1st Jul Early"]
[Site "chess.com INT"]
[Date "2025.07.01"]
[Round "3"]
[White "Tan, Zhongyi"]
[Black "Svane, Frederik"]
[Result "0-1"]
[WhiteTitle "GM"]
[BlackTitle "GM"]
[WhiteElo "2527"]
[BlackElo "2659"]
[WhiteFideId "8603642"]
[BlackFideId "12923044"]
[EventDate "2025.07.01"]

1. e4 e6 2. d4 d5 3. Nc3 Nf6 4. Bg5 dxe4 5. Nxe4 Nbd7 6. Nf3 h6 7. Bxf6 Nxf6 8.
Bd3 Nxe4 9. Bxe4 c5 10. O-O cxd4 11. Nxd4 Bc5 12. c3 O-O 13. Nb3 Bb6 14. Qf3 Qe7
15. Rad1 a5 16. a3 a4 17. Nd4 Ra5 18. Rfe1 Rd8 19. h3 g6 20. Bc2 e5 21. Qg3 Qf6
22. Nf3 Rxd1 23. Bxd1 Bc7 24. Nd2 Qc6 25. Qe3 Kg7 26. Bf3 Qb5 27. Be2 Qc6 28.
Bf3 Qb5 29. Be2 Qe8 30. Nc4 Rd5 31. Bf3 Rb5 32. Bd1 Rd5 33. Bf3 Rb5 34. Bd1 Qc6
35. Qe2 Be6 36. Ne3 Ra5 37. Bc2 Bb6 38. Ng4 Bc7 39. Qe3 Bxg4 40. hxg4 Bb6 41.
Qe4 Qf6 42. Re2 Rb5 43. Bxa4 Ra5 44. Bb3 Ra8 45. Bd5 Rd8 46. c4 Bd4 47. b4 b6
48. g3 Rh8 49. Kg2 h5 50. gxh5 Rxh5 51. f4 Rf5 52. Rd2 exf4 53. Qxd4 f3+ 54. Kf2
Re5 55. Qb2 g5 56. g4 Qf4 0-1

[Event "Titled Tue 1st Jul Early"]
[Site "chess.com INT"]
[Date "2025.07.01"]
[Round "3"]
[White "Povshednyi, Ivan"]
[Black "Goncharov, Vladimir"]
[Result "1-0"]
[WhiteTitle "FM"]
[WhiteElo "2307"]
[BlackElo "2077"]
[WhiteFideId "14190907"]
[BlackFideId "34162256"]
[EventDate "2025.07.01"]

1. Nf3 Nf6 2. g3 b5 3. Bg2 Bb7 4. O-O e6 5. d3 Be7 6. e4 d6 7. e5 dxe5 8. Nxe5
Bxg2 9. Kxg2 Qd5+ 10. Qf3 Qxf3+ 11. Kxf3 Bd6 12. Re1 Nbd7 13. Nc6 Nb6 14. Nc3 a6
15. a4 b4 16. a5 bxc3 17. axb6 cxb6 18. bxc3 Kd7 19. Ne5+ Bxe5 20. Rxe5 b5 21.
Rc5 Nd5 22. c4 Kd6 23. Ba3 b4 24. Ra5 bxa3 25. cxd5 exd5 26. R1xa3 Rhc8 27.
Rxa6+ Rxa6 28. Rxa6+ Ke5 29. Ra7 Ke6 30. Ra2 h5 31. Ke3 g5 32. Kd4 h4 33. c3 Kf5
34. f3 f6 35. Ra5 hxg3 36. hxg3 Ke6 37. Rxd5 Ra8 38. c4 Ra2 39. g4 Rf2 40. Rf5
Ra2 41. Rb5 Rf2 42. Rb6+ Ke7 43. Ke3 Rf1 44. c5 Re1+ 45. Kd2 Rf1 46. Ke2 Rc1 47.
d4 Rc3 48. Ra6 Kf7 49. c6 Ke6 50. c7+ Ke7 51. d5 Kd7 52. Rxf6 1-0

[Event "Titled Tue 1st Jul Early"]
[Site "chess.com INT"]
[Date "2025.07.01"]
[Round "3"]
[White "Moghaddamian, Afshin"]
[Black "Gattani, Sarthak"]
[Result "0-1"]
[WhiteTitle "CM"]
[WhiteElo "2126"]
[BlackElo "1944"]
[WhiteFideId "12503886"]
[BlackFideId "30995965"]
[EventDate "2025.07.01"]

1. e4 e5 2. Nf3 Nc6 3. Nc3 Nf6 4. d4 exd4 5. Nxd4 Bb4 6. Nxc6 bxc6 7. Bd3 d5 8.
exd5 cxd5 9. O-O O-O 10. h3 c6 11. Qf3 h6 12. Bf4 Bd6 13. Ne2 Re8 14. Rad1 Bb7
15. Nd4 Bxf4 16. Qxf4 c5 17. Nf5 Bc8 18. Nd6 Qc7 19. Qg3 Re6 20. Nf5 Qxg3 21.
fxg3 c4 22. Nd4 cxd3 23. Nxe6 dxc2 24. Rc1 Bxe6 25. Rxc2 Ne4 26. g4 Rd8 27. Re1
Nf6 28. Rd2 Nd7 29. Rc1 Nb6 30. b3 f5 31. gxf5 Bxf5 32. Rc7 a5 33. Rb7 Nc8 34.
Rb5 Be4 35. Rxa5 Ne7 36. Rc5 Nf5 37. g4 Ne7 38. a4 Rb8 39. Rc3 Ng6 40. a5 Ne5
41. Kf2 Kf7 42. Ke3 Ke6 43. a6 Ra8 44. Ra2 Kd6 45. Rc1 Nc6 46. Ra4 Ra7 47. h4
Nd8 48. b4 Ne6 49. b5 Ke5 50. b6 Rf7 0-1

[Event "Titled Tue 1st Jul Early"]
[Site "chess.com INT"]
[Date "2025.07.01"]
[Round "3"]
[White "Kozak, Adam"]
[Black "Tekeyev, Zaur"]
[Result "0-1"]
[WhiteTitle "GM"]
[BlackTitle "IM"]
[WhiteElo "2589"]
[BlackElo "2407"]
[WhiteFideId "753246"]
[BlackFideId "4199731"]
[EventDate "2025.07.01"]

1. a3 d5 2. d4 Nf6 3. Nf3 Bf5 4. Bf4 e6 5. e3 Bd6 6. Bxd6 Qxd6 7. c4 O-O 8. c5
Qe7 9. Nc3 Nbd7 10. Be2 c6 11. Nh4 Be4 12. f3 Bg6 13. f4 Be4 14. O-O Kh8 15. g3
Rg8 16. b4 g5 17. Nf3 gxf4 18. exf4 Bf5 19. Ne5 Ne4 20. Nxe4 Bxe4 21. Bd3 f5 22.
Bxe4 dxe4 23. Qb3 Nxe5 24. dxe5 Rad8 25. Rad1 Rd5 26. Rxd5 cxd5 27. Qc3 h5 28.
b5 h4 29. c6 bxc6 30. bxc6 hxg3 31. hxg3 d4 32. Qe1 Qxa3 33. Kg2 Qa2+ 34. Rf2
Qd5 35. Qh1+ Kg7 36. Qh4 e3+ 37. Rf3 Qa2+ 38. Kg1 Rh8 39. Qf6+ Kg8 40. Qg6+ Kf8
41. Qf6+ Kg8 42. Qd8+ Kg7 43. Qe7+ Kg8 44. Qe8+ Kg7 45. Qd7+ Kg6 46. g4 Qh2+ 47.
Kf1 Qh1+ 48. Ke2 Rh2+ 49. Kd3 Qd1+ 50. Kc4 Rc2+ 51. Kb4 Qb1+ 52. Ka3 Ra2# 0-1

[Event "Titled Tue 1st Jul Early"]
[Site "chess.com INT"]
[Date "2025.07.01"]
[Round "3"]
[White "Garv, Gaur"]
[Black "Zozek Salah Mohammed"]
[Result "0-1"]
[WhiteTitle "FM"]
[BlackTitle "FM"]
[WhiteElo "2363"]
[BlackElo "2205"]
[WhiteFideId "45030839"]
[BlackFideId "4803361"]
[EventDate "2025.07.01"]

1. Nf3 d5 2. c4 c6 3. d4 Nf6 4. g3 dxc4 5. Bg2 e6 6. Ne5 Nbd7 7. Nxc4 Nb6 8. Ne5
Be7 9. O-O O-O 10. Nc3 Nbd7 11. Nf3 a6 12. Bf4 b5 13. Ne5 Nxe5 14. Bxe5 Nd5 15.
e4 Nxc3 16. bxc3 Bb7 17. Qg4 Bf6 18. Bxf6 Qxf6 19. e5 Qg6 20. Qe2 Rfd8 21. a4
Rd7 22. Rfb1 h5 23. h4 Qg4 24. Bf3 Qf5 25. Bxh5 c5 26. Bg4 Qg6 27. axb5 cxd4 28.
cxd4 Be4 29. Rb3 Rxd4 30. bxa6 Bd5 31. Bh5 Qf5 32. Rc3 Re4 33. Qb2 Qxh5 34. a7
Qg4 35. Rd3 Rb4 36. Qc3 Rxa7 37. Re1 Rab7 38. Qc8+ Kh7 39. Rdd1 Qf3 40. Rxd5
Qxd5 41. Qc2+ g6 42. h5 Rb2 43. hxg6+ fxg6 44. Qc8 Qf3 45. Rf1 Rf7 46. Qxe6 Rxf2
47. Qh3+ Kg7 48. Re1 Re2 49. Rc1 Qf2+ 50. Kh1 Re1+ 0-1

[Event "Titled Tue 1st Jul Early"]
[Site "chess.com INT"]
[Date "2025.07.01"]
[Round "3"]
[White "Mikhailova, Irina"]
[Black "Qin, Kevin"]
[Result "0-1"]
[WhiteTitle "WGM"]
[WhiteElo "2143"]
[BlackElo "2017"]
[WhiteFideId "4109040"]
[BlackFideId "2627949"]
[EventDate "2025.07.01"]

1. d4 e5 2. dxe5 f6 3. Nf3 Nc6 4. e4 fxe5 5. Bc4 Qf6 6. Nc3 Bb4 7. Bd2 Bxc3 8.
Bxc3 Nge7 9. Qd2 d6 10. Qg5 Qxg5 11. Nxg5 h6 12. Ne6 Bxe6 13. Bxe6 Nd8 14. Bc4
Ndc6 15. O-O-O O-O-O 16. a4 Kb8 17. b4 Rhf8 18. f3 a6 19. b5 axb5 20. axb5 Na7
21. Bb4 Nac8 22. Kb2 Nb6 23. Bb3 g5 24. c4 Nd7 25. Ra1 Nc5 26. Ra3 Nc8 27. Bxc5
dxc5 28. Rha1 Nb6 29. Kc3 g4 30. Rf1 Rf4 31. Bd1 Rdf8 32. Be2 h5 33. Raa1 gxf3
34. Rxf3 Rxf3+ 35. Bxf3 h4 36. h3 Rd8 37. Rd1 Rxd1 38. Bxd1 Kc8 39. Be2 Kd8 40.
Kd3 Ke7 41. Ke3 Kf6 42. Kf3 Kg5 43. g3 Na4 44. Bf1 Nc3 45. gxh4+ Kxh4 46. Ke3
Na4 47. Kf3 Nb6 48. Ke3 Nd7 49. Kf2 Nf8 50. Bd3 Kxh3 51. Kf3 Kh4 52. Bf1 Ne6 53.
Ke3 Kg3 54. Be2 Ng5 55. Bh5 b6 56. Be8 Ne6 57. Bc6 Nd4 58. Bd5 Kg2 59. Bf7 Kf1
60. Bd5 Ke1 61. Bf7 Kd1 62. Kf2 Kd2 63. Kg3 Ke3 64. Bd5 Kd3 65. Kg4 Nc2 66. Kf5
Kd4 67. Ke6 Ne3 68. Kd7 Nxc4 0-1

[Event "Titled Tue 1st Jul Early"]
[Site "chess.com INT"]
[Date "2025.07.01"]
[Round "3"]
[White "Labussiere, Victor"]
[Black "Atkeson, Christopher Timothy"]
[Result "1-0"]
[WhiteTitle "FM"]
[WhiteElo "2298"]
[BlackElo "1979"]
[WhiteFideId "2183129"]
[BlackFideId "39956547"]
[EventDate "2025.07.01"]

1. c4 e5 2. Nf3 Nc6 3. Nc3 Nf6 4. e4 Bb4 5. d3 d6 6. a3 Bxc3+ 7. bxc3 O-O 8. g3
Bg4 9. Bg2 Qd7 10. h3 Bh5 11. g4 Bg6 12. Nh2 Na5 13. h4 h5 14. Bg5 Nxg4 15. Nxg4
Qxg4 16. Bf3 Qe6 17. Bxh5 Bxh5 18. Qxh5 f5 19. Qe2 fxe4 20. Qxe4 c6 21. Rg1 d5
22. cxd5 cxd5 23. Qg4 Qxg4 24. Rxg4 Rf3 25. Ke2 Raf8 26. Be3 Nb3 27. Rag1 R3f7
28. d4 exd4 29. cxd4 Re8 30. h5 Re4 31. Rxe4 dxe4 32. Rg4 Rc7 33. Rxe4 Rc2+ 34.
Kf3 Nd2+ 35. Bxd2 Rxd2 36. Ke3 Ra2 37. d5 Rxa3+ 38. Kd4 Ra1 39. Ke5 Kf7 40. f4
Rh1 41. f5 Rxh5 42. Rc4 g6 43. Rc7+ Kf8 44. d6 Rxf5+ 45. Ke6 Rf1 46. Rc8+ Kg7
47. d7 Re1+ 48. Kd6 Rd1+ 49. Kc7 b5 50. d8=Q Rxd8 51. Rxd8 g5 52. Kd6 Kg6 53.
Ke5 a5 54. Rg8+ Kh5 55. Kf5 Kh4 56. Rxg5 b4 57. Rg4+ Kh3 58. Kg5 b3 59. Ra4 b2
60. Ra3+ Kg2 61. Rb3 Kf1 62. Rxb2 a4 63. Ra2 1-0

[Event "Titled Tue 1st Jul Early"]
[Site "chess.com INT"]
[Date "2025.07.01"]
[Round "3"]
[White "Gazineu Neto, Rubens"]
[Black "Przybylski, Bartosz"]
[Result "0-1"]
[BlackTitle "CM"]
[WhiteElo "1960"]
[BlackElo "2062"]
[WhiteFideId "2174685"]
[BlackFideId "21878323"]
[EventDate "2025.07.01"]

1. e4 d6 2. d4 Nf6 3. Bd3 e5 4. Nf3 exd4 5. Nxd4 g6 6. O-O Bg7 7. Nc3 O-O 8. Bg5
h6 9. Bh4 c6 10. h3 Nbd7 11. Nf3 Qc7 12. Re1 Re8 13. Qd2 b5 14. a3 a5 15. Rad1
b4 16. Na4 bxa3 17. bxa3 Ne5 18. Nxe5 dxe5 19. Bxf6 Bxf6 20. Qxh6 c5 21. Bc4 Be6
22. Bd5 Rab8 23. Nc3 Bg7 24. Qg5 c4 25. Bxe6 Rxe6 26. Nd5 Qc5 27. Rb1 Rf8 28. a4
f5 29. Qe3 Qd4 30. Red1 Qxe4 31. Qxe4 fxe4 32. Rb7 Rf7 33. Rb8+ Kh7 34. Ne3 Ref6
35. Rd2 c3 36. Re2 Rd6 37. Rc8 Bh6 38. Rxc3 Rb6 39. Kh2 Rb1 40. g3 Ra1 41. Rc4
Ra2 42. Rxe4 Bg7 43. Kg2 Rc7 44. Nd5 Rd7 45. Nc3 Ra3 46. Nb5 Ra2 47. c4 Ra1 48.
c5 Rc1 49. h4 Rdd1 50. c6 Rxc6 0-1

[Event "Titled Tue 1st Jul Early"]
[Site "chess.com INT"]
[Date "2025.07.01"]
[Round "3"]
[White "Flynn, Jacob"]
[Black "Shuvalov, Evgenij"]
[Result "1-0"]
[WhiteTitle "CM"]
[WhiteElo "2275"]
[BlackElo "1980"]
[WhiteFideId "2509393"]
[BlackFideId "4187237"]
[EventDate "2025.07.01"]

1. e4 e6 2. d4 d5 3. e5 c5 4. c3 Nc6 5. Nf3 Qb6 6. Bd3 cxd4 7. O-O Bd7 8. Re1
Nge7 9. h4 a6 10. Nbd2 Ng6 11. cxd4 Nxd4 12. Nxd4 Qxd4 13. Nf3 Qg4 14. Be3 Be7
15. g3 O-O 16. Kg2 d4 17. Nxd4 Nxe5 18. Be2 Qe4+ 19. Kg1 Rfd8 20. Qc2 Bc6 21.
Qxe4 Bxe4 22. Red1 Rd5 23. f3 Bg6 24. f4 Nc6 25. Nxc6 bxc6 26. Rdc1 Be4 27. Rc4
f5 28. Rac1 Rad8 29. Kf2 Bf6 30. b3 Bd4 31. Bxd4 Rxd4 32. Rxd4 Rxd4 33. Ke3 Rd5
34. Rxc6 a5 35. Rxe6 Kf8 36. Re5 Rxe5 37. fxe5 Ke7 38. a3 Ke6 39. Kd4 h6 40.
Bc4+ Ke7 41. b4 axb4 42. axb4 g5 43. hxg5 hxg5 44. Bd5 Bc2 45. b5 Kd7 46. b6 f4
47. gxf4 gxf4 48. e6+ Kd6 49. b7 Kc7 50. Ke5 Bg6 51. Kxf4 Be8 52. Ke5 Ba4 53.
Kf6 Be8 54. Ke7 Bb5 55. Kf7 Ba4 56. e7 Bb5 57. e8=Q Bxe8+ 58. Kxe8 Kb8 59. Kd8
Ka7 60. Kc7 1-0

[Event "Titled Tue 1st Jul Early"]
[Site "chess.com INT"]
[Date "2025.07.01"]
[Round "3"]
[White "Lebedev, Artem S."]
[Black "Jaiswal, Rupesh"]
[Result "1-0"]
[WhiteTitle "CM"]
[BlackTitle "FM"]
[WhiteElo "2198"]
[BlackElo "2064"]
[WhiteFideId "34272747"]
[BlackFideId "12300870"]
[EventDate "2025.07.01"]

1. e4 c5 2. Nf3 d6 3. d4 cxd4 4. Nxd4 Nf6 5. Nc3 a6 6. f4 e5 7. Nf3 Bg4 8. fxe5
Bxf3 9. Qxf3 dxe5 10. Be3 Bb4 11. Bc4 Qc8 12. Bb3 Qg4 13. O-O-O Qxf3 14. gxf3
Bxc3 15. bxc3 Nc6 16. Rhg1 g6 17. Rd6 Nh5 18. Rgd1 Rd8 19. Rxd8+ Nxd8 20. Rd5
Nc6 21. Ba4 b5 22. Bb3 O-O 23. Rc5 Rc8 24. Bd5 Ne7 25. Rxc8+ Nxc8 26. Bb7 Nd6
27. Bxa6 Nf6 28. Bc5 Nfe8 29. c4 bxc4 30. a4 f5 31. a5 Kf7 32. Kb2 Ke6 33. Bb4
fxe4 34. fxe4 Kd7 35. Bc5 Kc6 36. Bb4 g5 37. Bc3 Nxe4 38. Bxe5 N4d6 39. Bd4 Kd5
40. Be3 g4 41. Bf2 h5 42. Bg3 Ke4 43. Kc3 Kd5 44. Kb4 Ke4 45. Bxc4 Nxc4 46. Kxc4
Kf3 47. a6 h4 48. Bxh4 Nd6+ 49. Kd5 Nc8 50. Bg3 Na7 51. Kc5 Ke4 52. Kb6 Nc8+ 53.
Kb7 Ne7 54. a7 Nd5 55. a8=Q Nc3 56. Qe8+ 1-0

[Event "Titled Tue 1st Jul Early"]
[Site "chess.com INT"]
[Date "2025.07.01"]
[Round "3"]
[White "Brenke, Andreas"]
[Black "Zakrzewski, Marek"]
[Result "0-1"]
[WhiteTitle "FM"]
[BlackTitle "FM"]
[WhiteElo "2349"]
[BlackElo "2288"]
[WhiteFideId "4602900"]
[BlackFideId "1170694"]
[EventDate "2025.07.01"]

1. d4 d5 2. c4 Nc6 3. Nf3 Bg4 4. Bg5 h6 5. Bh4 Bxf3 6. gxf3 dxc4 7. d5 Ne5 8. f4
Ng6 9. Bg3 Qd6 10. f5 Ne5 11. Qd4 f6 12. Nd2 Qb6 13. Bxe5 fxe5 14. Qxe5 O-O-O
15. e4 Nf6 16. Qe6+ Qxe6 17. fxe6 c6 18. dxc6 bxc6 19. Bxc4 g5 20. Ke2 Bg7 21.
Rac1 Kb7 22. f3 g4 23. fxg4 Nxg4 24. Rhg1 h5 25. h3 Bh6 26. Rc2 Ne3 27. Rc3
Rxd2+ 28. Kxd2 Nxc4+ 29. Ke2 Nd6 30. Rc5 Bf4 31. Rg7 Nc8 32. Rc3 Rh6 33. Rd3 Bd6
34. Rg5 Rxe6 35. Rxh5 Rxe4+ 36. Kf3 Rf4+ 37. Ke2 Kc7 38. h4 Rg4 39. Rf3 Rg2+ 40.
Rf2 Rg3 41. Rf3 Rg4 42. Rh7 Nb6 43. h5 Rh4 44. Rh8 Nd5 45. h6 Nf6 46. Rg3 Kd7
47. Rg6 Ke6 48. Rg7 Be5 49. h7 Rh2+ 50. Kf3 Nd5 51. Rhg8 Bxg7 52. Rxg7 Nf6 0-1

[Event "Titled Tue 1st Jul Early"]
[Site "chess.com INT"]
[Date "2025.07.01"]
[Round "3"]
[White "Ivashentseva, Dominika"]
[Black "Duarte Cramer, Lily Jeanette"]
[Result "1-0"]
[WhiteTitle "WCM"]
[BlackTitle "WCM"]
[WhiteElo "1970"]
[BlackElo "1828"]
[WhiteFideId "34331050"]
[BlackFideId "29620180"]
[EventDate "2025.07.01"]

1. d4 d5 2. c4 c6 3. Nf3 Nf6 4. g3 e6 5. Bg2 dxc4 6. O-O Be7 7. Ne5 O-O 8. Nxc4
Nbd7 9. Nc3 Nb6 10. Nxb6 axb6 11. e4 Bd7 12. Bf4 Be8 13. d5 exd5 14. exd5 Nxd5
15. Nxd5 cxd5 16. Bxd5 Bc6 17. Bxc6 bxc6 18. Qc2 Bc5 19. a3 Qf6 20. Rad1 Rfd8
21. b4 Rxd1 22. Rxd1 Bd4 23. Qc4 c5 24. bxc5 Bxc5 25. Qd5 Rf8 26. a4 h6 27. h4
Qb2 28. Qf3 Re8 29. Bd6 Bxd6 30. Rxd6 Qa1+ 31. Kg2 Qxa4 32. Rxb6 Qd4 33. Rb7 Qe4
34. Rxf7 Qxf3+ 35. Rxf3 Kh7 36. g4 Kg6 37. Kg3 Re4 38. Ra3 Rb4 39. Ra6+ Kh7 40.
g5 hxg5 41. hxg5 Rc4 42. f4 Rb4 43. Kg4 Rb5 44. Kh5 g6+ 45. Rxg6 Rf5 46. Rh6+
Kg7 47. Kg4 Ra5 48. Rb6 Ra1 49. Rb7+ Kg8 50. Kf5 Ra5+ 51. Kg6 Ra6+ 52. Kh5 Kh8
53. f5 Kg8 54. f6 Kf8 55. Kg6 Ke8 56. Kg7 Ra8 57. f7+ Kd8 58. f8=Q# 1-0

[Event "Titled Tue 1st Jul Early"]
[Site "chess.com INT"]
[Date "2025.07.01"]
[Round "3"]
[White "Martin Fuentes, Alberto"]
[Black "Zakin, Ilay"]
[Result "1-0"]
[WhiteTitle "FM"]
[BlackTitle "FM"]
[WhiteElo "2376"]
[BlackElo "2300"]
[WhiteFideId "2292289"]
[BlackFideId "2848279"]
[EventDate "2025.07.01"]

1. e4 c5 2. Nc3 Nc6 3. g3 g6 4. d3 Bg7 5. Be3 d6 6. Qd2 Nf6 7. h3 O-O 8. Bg2 Rb8
9. Nge2 b5 10. O-O b4 11. Nd1 Nd7 12. Bh6 a5 13. Bxg7 Kxg7 14. Ne3 e6 15. d4
cxd4 16. Nxd4 Qb6 17. Rfd1 Nxd4 18. Qxd4+ Qxd4 19. Rxd4 Nc5 20. Rxd6 Bb7 21. e5
Bxg2 22. Kxg2 Na4 23. b3 Nc3 24. a4 Rbc8 25. Nc4 Rc5 26. Kf3 f6 27. Rd7+ Kh6 28.
Ne3 fxe5+ 29. Kg2 g5 30. Re1 e4 31. h4 gxh4 32. Rh1 Rh5 33. g4 h3+ 34. Kf1 Rh4
35. Rd6 Kg5 36. Rxe6 Rd8 37. Re5+ Kg6 38. Rxa5 Rd2 39. Ra6+ Kg5 40. Rb6 Nd5 41.
Rb5 Rxg4 42. Rxd5+ Rxd5 43. Nxd5 Kh4 44. Ne3 Rg5 45. Ke2 Rc5 46. Kd2 h5 47. Ke2
Ra5 48. Nc4 Rd5 49. Ke3 Rf5 50. a5 Rf3+ 51. Ke2 Rc3 52. Kd2 Rf3 53. Rh2 Rf6 54.
Ke3 Kg4 55. Kxe4 Re6+ 56. Kd5 Rf6 57. Ne5+ Kh4 58. Nc6 Rf5+ 59. Kc4 Rf4+ 60. Kb5
Rg4 61. a6 Rg2 62. Rxh3+ Kxh3 63. a7 Rg8 64. Nb8 Rg5+ 65. Kxb4 Rg4+ 66. c4 Kg2
67. a8=Q+ Kxf2 68. Qa7+ Kg3 69. Qc7+ Kh3 70. Nc6 h4 71. Ne5 Rg3 72. Qc6 Kh2 73.
Nf3+ Kh3 74. Qe6+ Kg2 75. Nxh4+ 1-0

[Event "Titled Tue 1st Jul Early"]
[Site "chess.com INT"]
[Date "2025.07.01"]
[Round "3"]
[White "Brozynski, Patryk"]
[Black "Skiadopoulos, Nikolaos"]
[Result "1-0"]
[WhiteTitle "CM"]
[BlackTitle "CM"]
[WhiteElo "2192"]
[BlackElo "1882"]
[WhiteFideId "2512700"]
[BlackFideId "4200772"]
[EventDate "2025.07.01"]

1. Nf3 c5 2. e3 Nc6 3. b3 e5 4. Bb2 d6 5. d4 exd4 6. exd4 cxd4 7. Nxd4 Nf6 8.
Bd3 Be7 9. O-O O-O 10. Nd2 Ne5 11. Be2 Bg4 12. h3 Bxe2 13. Nxe2 Re8 14. Nf4 Qd7
15. Nf3 Nxf3+ 16. Qxf3 Qf5 17. c4 Rab8 18. Rfe1 g5 19. Ne2 Qxf3 20. gxf3 Nh5 21.
Ng3 Nxg3 22. fxg3 f5 23. Re6 Bf8 24. Rae1 Rxe6 25. Rxe6 Rd8 26. Bf6 Rd7 27. Bxg5
d5 28. cxd5 Rxd5 29. Re2 Bc5+ 30. Kg2 Rd1 31. h4 Rg1+ 32. Kh2 Rf1 33. Kg2 Rg1+
34. Kh2 Rf1 35. Re5 b6 36. Rxf5 Rf2+ 37. Kh3 Rxa2 38. Rd5 Rb2 39. Rd3 Kf7 40.
Kg4 Ke6 41. h5 a5 42. Bf4 b5 43. Kg5 a4 44. bxa4 bxa4 45. Bc1 Rb3 46. Rxb3 axb3
47. Bb2 Kd5 48. Kh6 Bd4 49. Ba3 Bc5 50. Bb2 Bd4 51. Bc1 b2 52. Bxb2 Bxb2 53.
Kxh7 Ke5 54. Kg6 1-0

[Event "Titled Tue 1st Jul Early"]
[Site "chess.com INT"]
[Date "2025.07.01"]
[Round "3"]
[White "Gasparyan, Erik R."]
[Black "Germanovs, Georgijs"]
[Result "0-1"]
[WhiteTitle "IM"]
[BlackTitle "CM"]
[WhiteElo "2372"]
[BlackElo "2260"]
[WhiteFideId "13315730"]
[BlackFideId "11609710"]
[EventDate "2025.07.01"]

1. Nf3 Nf6 2. g3 g6 3. Bg2 Bg7 4. O-O O-O 5. d4 c5 6. b3 cxd4 7. Bb2 Nc6 8. Nxd4
d5 9. Nd2 Re8 10. c4 e5 11. Nxc6 bxc6 12. cxd5 cxd5 13. Nf3 Qd6 14. Rc1 Bb7 15.
Qc2 Rac8 16. Qb1 d4 17. Rxc8 Rxc8 18. Rc1 Rd8 19. Qc2 Nd5 20. a3 h6 21. Nd2 Kh7
22. Ne4 Qe7 23. b4 Nb6 24. Qc7 Rd7 25. Qc5 Qd8 26. Qc2 f5 27. Nc5 Bxg2 28. Kxg2
Rc7 29. Qb3 h5 30. Qf3 e4 31. Qb3 Qd6 32. Rd1 h4 33. Qe6 Rc6 34. Qf7 Rc7 35. Qe6
Qd8 36. Qb3 Rc6 37. Bxd4 Bxd4 38. e3 h3+ 39. Kxh3 Rd6 40. Nb7 Qg5 41. Qf7+ Kh6
42. Qc7 Qh5+ 43. Kg2 Qf3+ 44. Kh3 Qxd1 45. Nxd6 Qg4+ 46. Kg2 Qf3+ 47. Kg1 Bxe3
48. Nf7+ Kh5 49. fxe3 Qxe3+ 50. Kg2 Qf3+ 51. Kg1 Nd5 52. Qc1 e3 53. Qc4 Qf2+ 54.
Kh1 Qf3+ 55. Kg1 Qf2+ 56. Kh1 g5 57. Ne5 e2 58. Nd3 Qf1# 0-1

[Event "Titled Tue 1st Jul Early"]
[Site "chess.com INT"]
[Date "2025.07.01"]
[Round "3"]
[White "Donoso Aguirre, Maximiliano"]
[Black "Sakun, Volodymyr"]
[Result "1/2-1/2"]
[WhiteTitle "CM"]
[BlackTitle "FM"]
[WhiteElo "2050"]
[BlackElo "2301"]
[WhiteFideId "3458920"]
[BlackFideId "14114062"]
[EventDate "2025.07.01"]

1. e4 e5 2. Nf3 Nc6 3. Bc4 Nf6 4. d3 h6 5. Nc3 g6 6. O-O Bg7 7. d4 exd4 8. Nxd4
O-O 9. Nxc6 dxc6 10. Qxd8 Rxd8 11. Bf4 Ne8 12. Rad1 Be6 13. Bxe6 fxe6 14. e5 c5
15. Ne4 b6 16. Rfe1 Rd5 17. Nc3 Rd4 18. Ne2 Rdd8 19. Nc3 g5 20. Bg3 Bf8 21. Ne4
Be7 22. Kf1 Ng7 23. Ke2 Nf5 24. c3 Rd5 25. Rxd5 exd5 26. Nd2 Re8 27. Kd3 c4+ 28.
Kc2 Bc5 29. Nf3 Kf7 30. b3 cxb3+ 31. axb3 a5 32. Re2 c6 33. Kd3 Bf8 34. Nd4 Nxd4
35. cxd4 c5 36. e6+ Rxe6 37. Rxe6 Kxe6 38. Bc7 c4+ 39. bxc4 a4 40. cxd5+ Kxd5
41. Bxb6 a3 42. Kc3 Bg7 43. Ba5 Bxd4+ 44. Kb3 Bxf2 45. Kxa3 Bg1 46. h3 Ke4 47.
Bc7 Bd4 48. Kb3 Ke3 49. Kc2 Kf2 50. Kd3 Bg7 51. g4 Kg2 52. Ke4 Kxh3 53. Kf5 Bf8
54. Be5 Kh4 55. Bf6 Kh3 56. Bxg5 hxg5 57. Kxg5 Kg3 58. Kf5 Bh6 59. g5 Bxg5 1/2-1/2

[Event "Titled Tue 1st Jul Early"]
[Site "chess.com INT"]
[Date "2025.07.01"]
[Round "3"]
[White "Dinesh, Rajan M"]
[Black "Kanyamarala, Trisha"]
[Result "0-1"]
[WhiteTitle "CM"]
[BlackTitle "WIM"]
[WhiteElo "2131"]
[BlackElo "2233"]
[WhiteFideId "35060600"]
[BlackFideId "45004722"]
[EventDate "2025.07.01"]

1. Nf3 d5 2. g3 Nf6 3. Bg2 c5 4. O-O Nc6 5. d3 d4 6. e4 dxe3 7. Bxe3 e5 8. Re1
Be7 9. Nc3 O-O 10. Qd2 Bg4 11. Nh4 Qd7 12. Bg5 h6 13. Be3 Nd4 14. f4 exf4 15.
Bxf4 Nh5 16. Be5 Bxh4 17. gxh4 Bh3 18. Bg3 Bxg2 19. Kxg2 Qc6+ 20. Kh3 Nf3 21.
Qe2 Rfe8 22. Ne4 Qd7+ 23. Kg2 Nxe1+ 24. Rxe1 Nxg3 25. hxg3 f5 26. Qh5 fxe4 27.
dxe4 Qc6 28. Kh2 Rad8 29. Re2 Rf8 30. Qg4 Rd1 31. h5 Rdf1 32. Kg2 Qf6 33. e5
Qc6+ 34. Qe4 R8f2+ 35. Kh3 Rxe2 36. Qxe2 Rh1+ 37. Kg4 Qe6+ 38. Kf4 Qf7+ 39. Ke4
Qe6 40. g4 Rg1 41. Kf4 Rh1 42. Qf2 Qf7+ 43. Kg3 Qxf2+ 44. Kxf2 Rc1 45. Ke3 Kf7
46. g5 Ke6 47. Kf4 hxg5+ 48. Kxg5 Kxe5 49. c4 Rg1+ 50. Kh4 Kf4 51. Kh3 Ke4 52.
Kh2 Rg5 53. h6 Rh5+ 54. Kg3 Rxh6 55. b4 Rf6 56. bxc5 Kd4 57. c6 bxc6 58. c5 Kxc5
59. Kg4 a5 60. Kg5 Kb4 61. Kh5 Ka3 62. Kg4 Kxa2 63. Kg5 Kb3 64. Kh4 a4 65. Kg3
a3 66. Kh2 a2 67. Kg1 a1=Q+ 68. Kh2 Qe5+ 69. Kh1 Qh5+ 70. Kg2 Qg4+ 71. Kh1 Rf1+
72. Kh2 Rf2+ 73. Kh1 Qg2# 0-1

[Event "Titled Tue 1st Jul Early"]
[Site "chess.com INT"]
[Date "2025.07.01"]
[Round "3"]
[White "Hernandez Samayoa, Dilan Alexander"]
[Black "Yang, Larry"]
[Result "1/2-1/2"]
[WhiteTitle "CM"]
[WhiteElo "2006"]
[BlackElo "2017"]
[WhiteFideId "7306679"]
[BlackFideId "2637618"]
[EventDate "2025.07.01"]

1. e4 c5 2. Nf3 Nc6 3. Bb5 d6 4. d4 cxd4 5. Qxd4 Bd7 6. Bxc6 Bxc6 7. Nc3 Nf6 8.
Bg5 Qb6 9. Qxb6 axb6 10. Bxf6 gxf6 11. Nd4 Rg8 12. g3 Bg7 13. O-O-O f5 14. Rhe1
Bxd4 15. Rxd4 fxe4 16. Nxe4 Bxe4 17. Rdxe4 e6 18. a3 Rg5 19. Rb4 b5 20. Re3 Rf5
21. f4 Ra4 22. Reb3 Rxb4 23. Rxb4 Kd7 24. Kd2 Kc6 25. Ke3 Rc5 26. c3 h5 27. Rd4
d5 28. h3 Kd6 29. g4 hxg4 30. hxg4 Rc8 31. Rd1 Rh8 32. Rf1 Rh3+ 33. Rf3 Rh1 34.
Kd3 Rh2 35. b3 Ra2 36. f5 Rxa3 37. fxe6 Kxe6 38. b4 Ra1 39. Kd4 b6 40. Re3+ Kd6
41. Rf3 Rd1+ 42. Ke3 Ke6 43. Ke2 Rg1 44. Re3+ Kf6 45. Rf3+ Kg6 46. Rf5 Rxg4 47.
Rxd5 Rg3 48. Rxb5 Rxc3 49. Rxb6+ Kg5 50. b5 Rb3 51. Rb8 f5 52. b6 Kf4 53. b7
Rb2+ 54. Kd3 Kf3 55. Rf8 Rxb7 56. Rxf5+ Kg4 57. Rd5 Ra7 58. Rd4+ Kf3 59. Rc4
Rd7+ 60. Kc3 Ra7 61. Kb4 Ke3 62. Kc5 Rh7 63. Rc3+ Ke4 64. Rc4+ Ke5 65. Kb4 Rh3
66. Rc5+ Kd6 67. Rc3 Rh1 68. Kc4 Rh4+ 69. Kb3 Kd5 70. Rc8 Rh7 71. Rd8+ Kc6 72.
Rc8+ Kb7 73. Rc3 1/2-1/2